000 00288nam a22001337a 4500
008 170406b xxu||||| |||| 00| 0 eng d
020 _a0801605040
041 _aeng
080 _a575
100 _a9
101 _aSHM
245 _aTEXTBOOK OF IMMUNOLOGY
_cBARRETT, J.T
942 _2udc
_cBK
999 _c9945
_d9945